Top 10 des langues les plus difficiles à apprendre - Statistiques

Statistiques générales
  • Ce quiz a été pris 171 fois
  • Le résultat moyen est 6 sur 10
Statistiques - réponses
Hint Réponse % Correct
1 Chinois
91%
5 Japonais
87%
10 Français
86%
3 Arabe
78%
7 Allemand
73%
2 Grec
41%
9 Norvégien
30%
8 Danois
26%
6 Finnois
26%
4 Islandais
16%
Aucun quiz correspondant
Distribution des résultats
% des personnes avec chaque résultat
Percentile par nombre de réponses
Votre historique - résultats
Vous n’avez pas pris ce quiz